1753 1960 1107 1333 1447 1934 1766 1219 1190 1237 1162 1048 1168 1113 1779 1129 1721 1767 1391 1030 1800 1481 1852 1180 1459 1279 1260 1123 1371 1502 1782 1682 1721 1331 1548 1951 1325 1913 1131 1218 1510 1211 1825 1199 1572 1346 1333 1857 1477 1165 1549 1372 1547 1050 1378 1268 1766 1659 1814 1786 1561 1740 1160 1948 1783 1662 1228 1205 1319 1454 1524 1586 1201 1881 1104 1401 1799 1558 1737 1596 1619 1852 1292 1623 1312 1309 1799 1126 1140 1016 1673 1909 1558 1430 1974 1815 1284 1439 1723 BCNSPRNW ULIB Ver.6.0+V

เปลี่ยนเป็นภาษาไทย

Change to English
 แสดงรายละเอียดบรรณานุกรม
  กลับหน้าหลัก

Brief Record : Get Marc (ISO 2709) : E-mail record : QR code < ปิดหน้าต่าง
LEADER : 00000nam 2200000uu 4500
001    13399112179
003     ULIB
008    110729s2546||||th 000 0 tha d
020    9746125648
020    9789746435642
050  4 HD30.28^bส221ท 2546
100 0  สมคิด พรมจุ้ย
245 10 เทคนิคการประเมินโครงการ /^cสมคิด พรมจุ้ย
260    นนทบุรี :^bโรงพิมพ์มหาวิทยาลัยสุโขทัยธรรมาธิราช,^c2546
300    290 หน้า
504    บรรณานุกรม: หน้า 286-290
650  7 การวิเคราะห์และประเมินโครงการ
945    ^p0^l0^i017007
995    ทศพร
999 ^a ทศพร
รายการนี้ยังไม่มีแท็ก
คุณยังไม่ได้ล็อกอิน คุณสามารถมีกิจกรรมร่วมกับเว็บไซต์ได้ แต่ต้องล็อกอินก่อน ::
  ล็อกอิน

รายการสื่อสารสนเทศ

ลำดับที่ ประเภท เลขเรียก/บาร์โค้ด สถานที่ สถานะ
- ไม่พบข้อมูล -

รายการใกล้เคียง
    ผู้แต่ง [สมคิด พรมจุ้ย]

    หัวเรื่อง [การวิเคราะห์และประเมินโครงการ]

BibComment


ยังไม่เคยถูกคอมเมนท์

คอมเมนท์ทรัพยากรรายการนี้
  คอมเมนท์: เทคนิคการประเมินโ..


 Copyright 2026. Bcnsprnw @Library